LEADER 02100oas 2200745 a 450 001 9910892829703321 005 20260324110513.0 011 $a1609-7513 035 $a(DE-599)ZDB2392366-0 035 $a(OCoLC)422759422 035 $a(CONSER) 2009262116 035 $a(CKB)974392608084 035 $a(DE-599)2706847-X 035 $a(DE-599)2904500-9 035 $a(DE-599)2445002-9 035 $a(DE-599)2535873-X 035 $a(DE-599)2128907-4 035 $a(DE-599)2128732-6 035 $a(DE-599)2817472-0 035 $a(DE-599)2040330-6 035 $a(DE-599)2392366-0 035 $a(DE-599)3061251-2 035 $a(DE-599)2496302-1 035 $a(DE-599)2930646-2 035 $a(DE-599)2128695-4 035 $a(DE-599)2445780-2 035 $a(EXLCZ)99974392608084 100 $a20090707a20099999 sf 101 0 $aeng 135 $aur||||||||||| 181 $ctxt$2rdacontent 182 $cc$2rdamedia 183 $acr$2rdacarrier 200 00$aOECD economic surveys$iEstonia 210 $aParis $cOECD$d2009- 311 08$a0376-6438 320 $aIncludes bibliographical references. 517 1 $aOrganisation for Economic Co-operation and Development. 517 3 $aEstonia 606 $aEconomic history$2fast$3(OCoLC)fst00901974 606 $aEconomic policy$2fast$3(OCoLC)fst00902025 607 $aEstonia$xEconomic conditions$vPeriodicals 607 $aEstonia$xEconomic policy$vPeriodicals 607 $aEstonia$2fast$1https://id.oclc.org/worldcat/entity/E39PBJx4q7KdKQpqBYwgQRdhHC 608 $aPeriodicals.$2fast 615 7$aEconomic history. 615 7$aEconomic policy. 712 02$aOrganisation for Economic Co-operation and Development 801 0$bCGU 801 1$bCGU 801 2$bCGU 801 2$bOCLCQ 801 2$bOCLCF 801 2$bGUA 801 2$bOCLCQ 801 2$bOCLCA 801 2$bVT2 801 2$bOCLCQ 801 2$bOCLCL 801 2$bDLC 801 2$bOCLCL 906 $aJOURNAL 912 $a9910892829703321 996 $aOECD. Economic surveys$9789985 997 $aUNINA